| 000 | 00814nas a2200265 i 4500 | ||
|---|---|---|---|
| 001 | 2717 | ||
| 003 | ES-MaACL | ||
| 005 | 20250724062606.0 | ||
| 007 | t| | ||
| 008 | 990125c1987 ko | | 0 ||pa d | ||
| 080 | _a(519) | ||
| 080 | _a008 | ||
| 245 | 0 | 0 | _aKoreana. |
| 260 |
_aSeoul : _bInternational Cultural Society of Korea, _c1987- |
||
| 300 |
_a6 v. ; _c27 cm. |
||
| 310 | _aTrimestral | ||
| 362 | 0 | _aV. 1, nº 1(1987)- | |
| 500 | _aEdición en español, 1990-1998. | ||
| 650 | 7 |
_aCultura _2embne _9170963 |
|
| 710 | 2 |
_aInternational Cultural Society of Korea. _95269 |
|
| 852 |
_aES-MaACL _jHEM-1965 _cHEM |
||
| 866 | 0 |
_o(1987-1988)(1989-1990(1991-1993)1994-1998. _uFaltas: 1987( n.3-4)1988(n.1)1989(n.1,2,y3) 1991(n.4)1992 (n.1)1993(n.1) |
|
| 942 | _2udc | ||
| 999 |
_c2717 _d2717 |
||